| 000 | 00717nam a22002172 4500 | ||
|---|---|---|---|
| 001 | 0000024614 | ||
| 005 | 20151217155236.0 | ||
| 008 | 140114s xx 000 0 eng d | ||
| 020 | _a0199608935 : | ||
| 040 |
_aKABU _cKABU |
||
| 100 | 1 |
_aMeron, Theodor. _@0000184972 |
|
| 245 | 1 | 4 |
_aThe Making of international criminal justice : _ba view from the bench; selected speeches / _cTheodor Meron. |
| 250 | _a1st ed. | ||
| 260 |
_aOxford : _bO. U. P., _c2011. |
||
| 300 | _axiii, 320 p. | ||
| 650 | 0 |
_aCriminal justice, Administration of. _@0000179799 |
|
| 650 | 0 |
_aInternational Criminal Courts. _@0000159665 |
|
| 852 | 1 | _9p8640 KES | |
| 908 | _a140114 | ||
| 950 | _@1 | ||
| 999 |
_c12246 _d12246 |
||